| 000 | 00764nab a2200253 a 4500 | ||
|---|---|---|---|
| 005 | 20210219162053.0 | ||
| 008 | 991125s1985 mx 000 0 spa u | ||
| 035 | _aUPN01000197186 | ||
| 049 | _aART-E | ||
| 100 | 1 | _aNogueira, Carlos | |
| 100 | 1 | _ucarlosnogueira@sapo.pt | |
| 222 |
_aOCNOS : _bREVISTA DE ESTUDIOS SOBRE LECTURA |
||
| 245 | _aLiteratura de cordel brasileña, ecología y enseñanza del portugués | ||
| 260 | _aEspaña | ||
| 300 | _a147-157 | ||
| 362 | 0 | _a2013, No. 10 | |
| 653 | 0 | _aEDUCACION AMBIENTAL | |
| 653 | 0 | _aFOMENTO A LA LECTURA | |
| 653 | 0 | _aFORMACION LECTORA | |
| 856 | 1 | _uhttp://www.revista.uclm.es/index.php/ocnos/article/view/293/335 | |
| 905 | _aArticulo | ||
| 338 | _arecurso en linea | ||
| 999 |
_c169287 _d169287 |
||